000 004560000a22001810004500
003 MACL
005 20160130121426.0
008 160130b xxu||||| |||| 00| 0 eng d
040 _aMACL
_cMACL
041 _aEnglish
082 _a741.642
100 _aBlyton, Enid
_935744
245 _aThe Naughtiest Girl is a Monitor
260 _bHodder Children's Book
_c1999
_aLondon
350 _a99
650 _aChildren Book
_935832
942 _cBK
_k741.642
_2ddc
999 _c45680
_d45680